<?xml version="1.0" encoding="UTF-8"?>
<record
    xmlns:xsi="http://www.w3.org/2001/XMLSchema-instance"
    xsi:schemaLocation="http://www.loc.gov/MARC21/slim http://www.loc.gov/standards/marcxml/schema/MARC21slim.xsd"
    xmlns="http://www.loc.gov/MARC21/slim">

  <leader>00371cam a2200145ua 4500</leader>
  <datafield tag="020" ind1=" " ind2=" ">
    <subfield code="a">9788131521052</subfield>
  </datafield>
  <datafield tag="082" ind1=" " ind2=" ">
    <subfield code="a">515.1</subfield>
    <subfield code="b">STE/CA</subfield>
  </datafield>
  <datafield tag="100" ind1=" " ind2=" ">
    <subfield code="a">Stewart , James  .</subfield>
    <subfield code="9">1337</subfield>
  </datafield>
  <datafield tag="245" ind1=" " ind2=" ">
    <subfield code="a">Calculus Early TranscendentaLs / </subfield>
  </datafield>
  <datafield tag="250" ind1=" " ind2=" ">
    <subfield code="a">5 / 7</subfield>
  </datafield>
  <datafield tag="260" ind1=" " ind2=" ">
    <subfield code="a">Delhi</subfield>
    <subfield code="b">Thomson , Cengage Learning</subfield>
    <subfield code="c">2012</subfield>
  </datafield>
  <datafield tag="300" ind1=" " ind2=" ">
    <subfield code="a">1170, A1 to A146</subfield>
  </datafield>
  <datafield tag="500" ind1=" " ind2=" ">
    <subfield code="a">Metrics version </subfield>
  </datafield>
  <datafield tag="942" ind1=" " ind2=" ">
    <subfield code="c">BK</subfield>
  </datafield>
  <datafield tag="999" ind1=" " ind2=" ">
    <subfield code="c">340568</subfield>
    <subfield code="d">340568</subfield>
  </datafield>
  <datafield tag="952" ind1=" " ind2=" ">
    <subfield code="0">0</subfield>
    <subfield code="1">0</subfield>
    <subfield code="4">0</subfield>
    <subfield code="7">0</subfield>
    <subfield code="a">KAUAET</subfield>
    <subfield code="b">KAUAET</subfield>
    <subfield code="d">2012-04-07</subfield>
    <subfield code="l">1</subfield>
    <subfield code="m">1</subfield>
    <subfield code="o">515.1</subfield>
    <subfield code="p">KAU_KCAEFT-21509</subfield>
    <subfield code="r">2025-09-03 00:00:00</subfield>
    <subfield code="s">2012-12-19</subfield>
    <subfield code="w">2012-04-07</subfield>
    <subfield code="y">BK</subfield>
  </datafield>
  <datafield tag="952" ind1=" " ind2=" ">
    <subfield code="0">0</subfield>
    <subfield code="1">0</subfield>
    <subfield code="4">0</subfield>
    <subfield code="7">0</subfield>
    <subfield code="8">General Bo</subfield>
    <subfield code="a">KAUAET</subfield>
    <subfield code="b">KAUAET</subfield>
    <subfield code="c">CSS</subfield>
    <subfield code="d">2016-08-27</subfield>
    <subfield code="e">Dream Tech Publishers &amp; Book Sellers, Thiruvanathapuram.</subfield>
    <subfield code="g">595.00</subfield>
    <subfield code="l">0</subfield>
    <subfield code="o">515.1 STE/CA</subfield>
    <subfield code="p">KAU_KCAEFT-BB 371</subfield>
    <subfield code="r">2016-08-27 00:00:00</subfield>
    <subfield code="w">2016-08-27</subfield>
    <subfield code="y">BBS</subfield>
  </datafield>
</record>
